CAT-A : test de apercepción infantil: con figuras de animales. Para niños de 3 a 10 años

Salvato in:
Dettagli Bibliografici
Autori principali: Bellak, Leopold (Autore), Bellak, Sonya Sorel (Autore)
Natura: Libro
Lingua:spagnolo
Pubblicazione: Buenos Aires Paidós 2011
Edizione:2a. ed
Soggetti:
Tags: Aggiungi Tag
Nessun Tag, puoi essere il primo ad aggiungerne!!

MARC

LEADER 00000cam a2200000 a 4500
001 UCE5974
003 CL-VaPUC
008 150319e20110000ag |||||||||||||||||spa|d
020 |a 9789501213027 
082 0 4 |a 153.73  |b BEL  |2 21 
100 0 |a Bellak, Leopold  |e author  |9 578638 
700 0 |a Bellak, Sonya Sorel  |e author  |9 578639 
245 1 0 |a CAT-A : test de apercepción infantil: con figuras de animales. Para niños de 3 a 10 años 
250 |a 2a. ed 
300 |a 95 p 
942 |c BK 
945 |d 20150319 12:57:00  |a dcastane 
260 |a Buenos Aires  |b Paidós  |c 2011 
500 |a Incluye manual, juego de 10 láminas, galería de láminas y protocolos 
650 7 |a EVALUACION PSICOLOGICA  |2 CL-VaPUC  |9 375317 
650 0 |a Pruebas  |9 256249 
650 7 |a TESTS  |2 CL-VaPUC  |9 309359 
650 0 |a Cognición   |9 270347 
650 7 |a MIEDOS  |2 CL-VaPUC  |9 551440 
650 0 |a Conflictos  |9 332195 
650 0 |a Percepción   |9 266750 
650 7 |a PERCEPCION INFANTIL  |2 CL-VaPUC  |9 307551 
583 |a last modification  |c 20180425 05:49:24  |k Rodrigo Vera 
999 |c 358483  |d 358481 
952 |0 0  |1 0  |2 ddc  |3 erb  |4 0  |6 153_730000000000000_BEL_2011  |7 0  |8 R  |9 467207  |a BIBEDU  |b BIBEDU  |c MCIRC  |i 5139856  |l 8  |o 153.73 BEL 2011  |p 5139856  |r 2024-10-02  |s 2024-09-30  |w 2019-11-23  |y BK_R  |z Catalogado en:20150319  |k PSI